000 00439nam a22001817a 4500
003 MPLRDC
005 20220104152622.0
008 210129b ||||| |||| 00| 0 eng d
082 _a880.5 GGL-2
100 _a果戈理著; 满涛译
245 _a小说戏剧选
_c
250 _a初版
260 _a
_b人民文学出版社
_c1979
300 _b
490 _a外国文学名著丛书
650 _a
942 _cBK
_o880.5 GGL-2
999 _c53000
_d52990